000 00784cab a2200253 4500
001 ABS58727
008 090401t1998 xxu||||| |||| 00| 0 eng d
035 _a(Sirsi) u86431
041 _aeng
100 _aKirkwood, J.
245 _aLook before you leap
260 _c1998
350 _a0
490 _aEstates Gazette
_v(9819) 9 May 1998, 152-154(3)
520 _aReview of the "Property Portfolio Management System" software produced by Estate Computer Systems.
650 _aESTATE COMPUTER SYSTEMS
650 _aPORTFOLIO MANAGEMENT
650 _aProperty management
_96262
650 _aPROPERTY PORTFOLIO MANAGEMENT SYSTEM
650 _aSOFTWARE PACKAGES
690 _aMANAGEMENT-BUSINESS MANAGEMENT-INFORMATION MANAGEMENT
942 _n0
948 _c28/05/1998
999 _c54397
_d54397